| 000 -LEADER |
| fixed length control field |
01763cam a2200289 a 4500 |
| 001 - CONTROL NUMBER |
| control field |
17137154 |
| 005 - DATE AND TIME OF LATEST TRANSACTION |
| control field |
20240703110905.0 |
| 008 - FIXED-LENGTH DATA ELEMENTS--GENERAL INFORMATION |
| fixed length control field |
120127s2013 cau b 001 0 eng |
| 010 ## - LIBRARY OF CONGRESS CONTROL NUMBER |
| LC control number |
2012001894 |
| 020 ## - INTERNATIONAL STANDARD BOOK NUMBER |
| International Standard Book Number |
9781412996389 (pbk.) X |
| 041 ## - LANGUAGE CODE |
| Language code of text/sound track or separate title |
eng |
| 080 ## - UNIVERSAL DECIMAL CLASSIFICATION NUMBER |
| Universal Decimal Classification number |
37+174.2F-63 |
| 100 1# - MAIN ENTRY--PERSONAL NAME |
| Personal name |
Flynn, Leisa R. |
| 9 (RLIN) |
22672 |
| 245 10 - TITLE STATEMENT |
| Title |
Case studies for ethics in academic research in the social sciences / |
| Statement of responsibility, etc. |
Leisa R. Flynn, Ronald E. Goldsmith. |
| 260 ## - PUBLICATION, DISTRIBUTION, ETC. |
| Place of publication, distribution, etc. |
Los Angeles : |
| Name of publisher, distributor, etc. |
SAGE Publications, |
| Date of publication, distribution, etc. |
c2013. |
| 300 ## - PHYSICAL DESCRIPTION |
| Extent |
xv, 82 p. ; |
| Dimensions |
23 cm. |
| 504 ## - BIBLIOGRAPHY, ETC. NOTE |
| Bibliography, etc. note |
Includes bibliographical references (p. 75-76) and index. |
| 505 0# - FORMATTED CONTENTS NOTE |
| Formatted contents note |
Preface -- Notes for teachers on using cases -- Notes for the student on solving cases -- Acknowledgments -- About the authors -- Research misconduct -- Protection of human subjects -- Conflict of interest -- Data management practices -- Mentor and trainee responsibilities -- Collaborative research -- Authorship and publication -- Peer review -- Appendix. The Belmont Report : ethical principles and guidelines for the protection of human subjects of research -- Further reading on research ethics -- Web resources -- Index. |
| 650 #0 - SUBJECT ADDED ENTRY--TOPICAL TERM |
| Topical term or geographic name entry element |
Social sciences |
| General subdivision |
Research |
| -- |
Moral and ethical aspects. |
| 9 (RLIN) |
22673 |
| 653 ## - INDEX TERM--UNCONTROLLED |
| keyword |
შემთხვევის შესწავლა ეთიკის აკადემიურ კვლევებში სოციალურ მეცნიერებებში |
| 653 ## - INDEX TERM--UNCONTROLLED |
| keyword |
პედაგოგიკა |
| 653 ## - INDEX TERM--UNCONTROLLED |
| keyword |
ეთიკა |
| 700 1# - ADDED ENTRY--PERSONAL NAME |
| Personal name |
Goldsmith, Ronald Earl. |
| 9 (RLIN) |
22674 |
| 906 ## - LOCAL DATA ELEMENT F, LDF (RLIN) |
| a |
7 |
| b |
cbc |
| c |
orignew |
| d |
1 |
| e |
ecip |
| f |
20 |
| g |
y-gencatlg |
| 942 ## - ADDED ENTRY ELEMENTS (KOHA) |
| Source of classification or shelving scheme |
|
| Koha item type |
წიგნი |